MARC details
| 000 -LEADER |
| fixed length control field |
02161cam a2200613 a 4500 |
| 001 - CONTROL NUMBER |
| control field |
20087 |
| 003 - CONTROL NUMBER IDENTIFIER |
| control field |
VRT |
| 005 - DATE AND TIME OF LATEST TRANSACTION |
| control field |
20260115154700.0 |
| 008 - FIXED-LENGTH DATA ELEMENTS--GENERAL INFORMATION |
| fixed length control field |
160208s2009 xo a g 000 0 slo |
| 015 ## - NATIONAL BIBLIOGRAPHY NUMBER |
| National bibliography number |
SNBA2010/05-02535 |
| 020 ## - INTERNATIONAL STANDARD BOOK NUMBER |
| International Standard Book Number |
9788080711139 (viaz.) |
| 035 ## - SYSTEM CONTROL NUMBER |
| System control number |
A7B64652-F7C3-459D-9B2C-11C57291F0ED |
| 035 ## - SYSTEM CONTROL NUMBER |
| System control number |
urn:nbn:sk:snk-amk8bt |
| 035 ## - SYSTEM CONTROL NUMBER |
| System control number |
urn:nbn:sk:snk-am008cuv |
| 039 #9 - LEVEL OF BIBLIOGRAPHIC CONTROL AND CODING DETAIL [OBSOLETE] |
| Level of rules in bibliographic description |
202408091419 |
| Level of effort used to assign nonsubject heading access points |
AUTHORITY |
| Level of effort used to assign subject headings |
202408091408 |
| Level of effort used to assign classification |
AUTHORITY |
| Level of effort used to assign subject headings |
202408091407 |
| Level of effort used to assign classification |
AUTHORITY |
| Level of effort used to assign subject headings |
201602082015 |
| Level of effort used to assign classification |
VLOAD |
| 040 ## - CATALOGING SOURCE |
| Original cataloging agency |
POKPOH |
| Language of cataloging |
slo |
| Transcribing agency |
POKPOH |
| Modifying agency |
SNK |
| Description conventions |
AACR2 |
| 041 0# - LANGUAGE CODE |
| Language code of text/sound track or separate title |
slo |
| 044 ## - COUNTRY OF PUBLISHING/PRODUCING ENTITY CODE |
| MARC country code |
xo |
| ISO country code |
SK |
| 072 #7 - SUBJECT CATEGORY CODE |
| Subject category code |
17 |
| Subject category code subdivision |
Etika. Morálna filozofia |
| Source |
konspekt |
| 072 #7 - SUBJECT CATEGORY CODE |
| Subject category code |
27-4 |
| Subject category code subdivision |
Praktická teológia. Morálna teológia |
| Source |
konspekt |
| 080 ## - UNIVERSAL DECIMAL CLASSIFICATION NUMBER |
| Universal Decimal Classification number |
316.64 |
| Edition identifier |
2001 |
| 080 ## - UNIVERSAL DECIMAL CLASSIFICATION NUMBER |
| Universal Decimal Classification number |
17.02 |
| Edition identifier |
2001 |
| 080 ## - UNIVERSAL DECIMAL CLASSIFICATION NUMBER |
| Universal Decimal Classification number |
159.923.5 |
| Edition identifier |
2001 |
| 080 ## - UNIVERSAL DECIMAL CLASSIFICATION NUMBER |
| Universal Decimal Classification number |
(0:82-32) |
| Edition identifier |
2001 |
| 080 ## - UNIVERSAL DECIMAL CLASSIFICATION NUMBER |
| Universal Decimal Classification number |
27-47 |
| Edition identifier |
2001 |
| 080 ## - UNIVERSAL DECIMAL CLASSIFICATION NUMBER |
| Universal Decimal Classification number |
316.472.4 |
| Edition identifier |
2001 |
| 080 ## - UNIVERSAL DECIMAL CLASSIFICATION NUMBER |
| Universal Decimal Classification number |
(0:82-84) |
| Edition identifier |
2001 |
| 080 ## - UNIVERSAL DECIMAL CLASSIFICATION NUMBER |
| Universal Decimal Classification number |
27-4 |
| Edition identifier |
2001 |
| 245 00 - TITLE STATEMENT |
| Title |
Poďme sa rozprávať |
| Remainder of title |
ďalších 15 zaujímavých kapitol zo života |
| Statement of responsibility, etc. |
[spracovali Marcela a Stanislav Bielikovci ; ilustrácie Branislav Matis na motívy kresieb Olgy Pazerini] |
| 250 ## - EDITION STATEMENT |
| Edition statement |
1. vyd. |
| 260 ## - PUBLICATION, DISTRIBUTION, ETC. |
| Place of publication, distribution, etc. |
Vrútky |
| Name of publisher, distributor, etc. |
Advent-Orion |
| Date of publication, distribution, etc. |
2009 |
| 300 ## - PHYSICAL DESCRIPTION |
| Extent |
269 s. |
| Other physical details |
ilustr. |
| Dimensions |
22 cm |
| 490 1# - SERIES STATEMENT |
| Series statement |
Prameň |
| 650 07 - SUBJECT ADDED ENTRY--TOPICAL TERM |
| Topical term or geographic name entry element |
životné postoje |
| Source of heading or term |
SNKPH |
| 650 07 - SUBJECT ADDED ENTRY--TOPICAL TERM |
| Topical term or geographic name entry element |
životná múdrosť |
| Source of heading or term |
SNKPH |
| 650 07 - SUBJECT ADDED ENTRY--TOPICAL TERM |
| Topical term or geographic name entry element |
kresťanská výchova |
| Source of heading or term |
SNKPH |
| 650 07 - SUBJECT ADDED ENTRY--TOPICAL TERM |
| Topical term or geographic name entry element |
sebavýchova |
| Source of heading or term |
SNKPH |
| 650 07 - SUBJECT ADDED ENTRY--TOPICAL TERM |
| Topical term or geographic name entry element |
interpersonálne vzťahy |
| Source of heading or term |
SNKPH |
| 650 #7 - SUBJECT ADDED ENTRY--TOPICAL TERM |
| Topical term or geographic name entry element |
kresťanský život |
| Source of heading or term |
SNKPH |
| 655 #7 - INDEX TERM--GENRE/FORM |
| Genre/form data or focus term |
príbehy |
| Source of term |
SNKPH |
| 655 #7 - INDEX TERM--GENRE/FORM |
| Genre/form data or focus term |
citáty |
| Source of term |
SNKPH |
| 700 1# - ADDED ENTRY--PERSONAL NAME |
| Personal name |
Bieliková, Marcela |
| Relationship |
com |
| 700 1# - ADDED ENTRY--PERSONAL NAME |
| Personal name |
Bielik, Stanislav |
| Relationship |
com |
| 700 1# - ADDED ENTRY--PERSONAL NAME |
| Personal name |
Matis, Branislav, |
| Dates associated with a name |
1978- |
| Relationship |
ill |
| 830 #0 - SERIES ADDED ENTRY--UNIFORM TITLE |
| Uniform title |
Prameň |
| 942 ## - ADDED ENTRY ELEMENTS (KOHA) |
| Source of classification or shelving scheme |
Dewey Decimal Classification |
| Koha item type |
Odborná literatúra pre dospelých |
| Suppress in OPAC |
No |
| 949 ## - LOCAL PROCESSING INFORMATION (OCLC) |
| 6 |
2889151836 |
| a |
savukPV 13020 |
| b |
savuk2009/5330 |
| 949 ## - LOCAL PROCESSING INFORMATION (OCLC) |
| a |
snklmDK 6444 SNKLM |
| b |
snklm2013/65 |
| 949 ## - LOCAL PROCESSING INFORMATION (OCLC) |
| 6 |
17A0638192 |
| a |
snkSC 137851 |
| b |
snk2009/20225 |
| o |
2469/09 |
| 949 ## - LOCAL PROCESSING INFORMATION (OCLC) |
| 6 |
17A0638193 |
| a |
snkSC 137851 D1 |
| b |
snk2009/20226 |
| o |
2469/09 |
| s |
6100:20140925 |
| 949 ## - LOCAL PROCESSING INFORMATION (OCLC) |
| 6 |
270001000349294 |
| a |
svkbbA 126157 |
| b |
svkbbm 703964 |
| 949 ## - LOCAL PROCESSING INFORMATION (OCLC) |
| 6 |
273K0513164 |
| a |
svkpoB 82755 |
| b |
svkpo521286 |
| 980 ## - EQUIVALENCE OR CROSS-REFERENCE-SERIES STATEMENT--PERSONAL NAME/TITLE [LOCAL, CANADA] |
| Personal name |
27-4 |